Bob Dylan - Blowin' in the wind - lyrics - Statistics

General Stats
  • This quiz has been taken 337 times
  • The average score is 11 of 14
Answer Stats
Lyrics Answer % Correct
The answer is blowin' in the ____ . wind
100%
Before you call him a ___ ? man
99%
The answer __ _____ is blowin' in the wind my friend
99%
How many roads must a man walk ____ down
97%
Before she sleeps in the ____ ? sand
91%
How many ____ must a white dove sail seas
89%
Yes, how many times must the cannon balls ___ fly
83%
Yes, how many years can some people exist. Before they're _____ to be free? allowed
79%
Before they're forever _____ ? banned
77%
Yes, how many years can a mountain exist. Before it's ____ to the sea? washed
74%
Yes, how many times must a man _____ __. Before he can see the sky? look up
68%
Yes, how many ____ must one man have. Before he can hear people cry? ears
66%
Yes, how many _____ will it take till he knows That too many people have died? deaths
59%
Yes, how many times can a man turn his head. ________ he just doesn't see? Pretending
42%
No matching quizzes found
Score Distribution
Percent of People with Each Score
Percentile by Number Answered
Your Score History
You have not taken this quiz